1008 1519 1329 1602 1820 1482 1255 1237 1139 1365 1849 1761 1070 1924 1503 1835 1322 1435 1289 1875 1288 1212 1743 1184 1154 1318 1688 1906 1166 1218 1285 1180 1406 1259 1652 1805 1489 1484 1466 1113 1217 1623 1510 1663 1357 1346 1935 1251 1142 1037 1644 1734 1859 1365 1886 1944 1910 1007 1096 1096 1553 1096 1971 1829 1859 1907 1708 1635 1858 1890 1478 1846 1401 1808 1524 1951 1348 1565 1395 1430 1260 1756 1977 1534 1391 1578 1257 1258 1277 1156 1971 1879 1154 1636 1837 1804 1402 1064 1951 BCNSPRNW ULIB Ver.6.0+V

เปลี่ยนเป็นภาษาไทย

Change to English
 แสดงรายละเอียดบรรณานุกรม
  กลับหน้าหลัก

Brief Record : Get Marc (ISO 2709) : E-mail record : QR code < ปิดหน้าต่าง
LEADER : 00000nam 2200000uu 4500
001    13399111442
003     ULIB
008    110627s||||||||th 000 0 tha d
020    9786165001472
090    นว.^bน231ด 2554
100 0  นราเกตต์
245 00 ดาวห่มฟ้า/^cนราเกตต์
250    พิมพ์ครั้งที่ 2
260    นนทบุรี :^bพิมพ์คำ,^c2554
300    484 หน้า
945    ^p270^l0^i030182
995    ทศพร
999 ^a ใช้งานได้ทุกระบบ
รายการนี้ยังไม่มีแท็ก
คุณยังไม่ได้ล็อกอิน คุณสามารถมีกิจกรรมร่วมกับเว็บไซต์ได้ แต่ต้องล็อกอินก่อน ::
  ล็อกอิน

รายการสื่อสารสนเทศ

ลำดับที่ ประเภท เลขเรียก/บาร์โค้ด สถานที่ สถานะ
1. นวนิยาย
นวนิยาย
นว. น231ด 2554 ฉ.1 
  Barcode: 030182
ห้องสมุดวิทยาเขตสวรรค์ประชารักษ์
►นวนิยาย
บนชั้น
  ขอยืม

BibComment


ยังไม่เคยถูกคอมเมนท์

คอมเมนท์ทรัพยากรรายการนี้
  คอมเมนท์: ดาวห่มฟ้า นราเกตต์


 Copyright 2026. Bcnsprnw @Library